Statistics for Guess the actors! #03 (Medium/Hard)

Click here to take the quiz!

General Stats

  • This quiz has been taken 23 times
  • The average score is 7 of 16

Answer Stats

Answer% Correct
Michael B. Jordan
91%
Pedro Pascal
83%
Jason Statham
78%
Keira Knightley
70%
Laurence Fishburne
70%
Courteney Cox
57%
Bella Ramsey
48%
Jason Sudeikis
43%
Tessa Thompson
39%
Carl Weathers
22%
Steven Yeun
22%
Ben Barnes
17%
Lance Reddick
17%
Asher Angel
9%
Zachary Levi
9%
Jeffrey DeMunn
0%

Score Distribution

Percentile by Number Answered

Percent of People with Each Score

Your Score History

You have not taken this quiz